|
|
|
|
| LEADER |
01558nam a22004211i 4500 |
| 001 |
EBC1343638 |
| 003 |
MiAaPQ |
| 005 |
20200520144314.0 |
| 006 |
m o d | |
| 007 |
cr cnu|||||||| |
| 008 |
131207t20132013alua o 001 0 eng d |
| 020 |
|
|
|z 9781849688925
|
| 020 |
|
|
|a 9781849688932
|q (electronic bk.)
|
| 035 |
|
|
|a (MiAaPQ)EBC1343638
|
| 035 |
|
|
|a (Au-PeEL)EBL1343638
|
| 035 |
|
|
|a (CaPaEBR)ebr10789465
|
| 035 |
|
|
|a (CaONFJC)MIL536779
|
| 035 |
|
|
|a (OCoLC)862940267
|
| 040 |
|
|
|a MiAaPQ
|b eng
|e rda
|e pn
|c MiAaPQ
|d MiAaPQ
|
| 050 |
|
4 |
|a HF5679
|b .D86 2013
|
| 100 |
1 |
|
|a Duncan, David.
|
| 245 |
1 |
0 |
|a Microsoft Dynamics GP 2013 reporting /
|c David Duncan, Christopher J. Liley.
|
| 250 |
|
|
|a Second edition.
|
| 264 |
|
1 |
|a Birmingham :
|b Packt Publishing,
|c [2013]
|
| 264 |
|
4 |
|c 2013
|
| 300 |
|
|
|a 1 online resource (386 pages) :
|b illustrations
|
| 336 |
|
|
|a text
|2 rdacontent
|
| 337 |
|
|
|a computer
|2 rdamedia
|
| 338 |
|
|
|a online resource
|2 rdacarrier
|
| 500 |
|
|
|a Includes index.
|
| 588 |
|
|
|a Description based on online resource; title from PDF title page (ebrary, viewed December 7, 2013).
|
| 590 |
|
|
|a Electronic reproduction. Ann Arbor, MI : ProQuest, 2015. Available via World Wide Web. Access may be limited to ProQuest affiliated libraries.
|
| 650 |
|
0 |
|a Business report writing.
|
| 650 |
|
0 |
|a Electronic data processing.
|
| 655 |
|
4 |
|a Electronic books.
|
| 700 |
1 |
|
|a Liley, Christopher J.
|
| 797 |
2 |
|
|a ProQuest (Firm)
|
| 856 |
4 |
0 |
|u https://ebookcentral.proquest.com/lib/matrademy/detail.action?docID=1343638
|z Click to View
|